00565 a2200133 4500003000500000005001700005040000900022082001400031100003400045245027700079260004600356300001200402650001700414NUST20230222123445.0 cNust a297.4,JAL aJalandhari, Dr Rasheed ahmed  aDarul uloom deoband. bartanvi hind me musalmano ka nizam e taleem aik naqidana jaiza (Jild-1) / برطانوی ہند میں مسلمانون کا نظام تعلیم ایک ناقدانہ جا یؑزہ دارالعلوم دیوبند (Urdu) /cDr Rasheed ahmed Jalandhari aIslamabadbNational Book Foundationc1989 a286 p.; aSufisam Urdu